000 00443nam a2200181 a 4500
001 13565
003 CO-ViMGA
008 141112s2004 ck r 000 u spa d
020 _a9583003239
040 _aCO-ViMGA
_bspa
_cCO-ViMGA
082 0 4 _a892.7 M459
100 1 _aMoreno, Martin
_919773
245 1 0 _aLas mil y una noche
300 _a180.p.
650 1 4 _aCUENTOS POPULARES
_915722
650 1 4 _aLITERATURA ARABE
_919774
942 _2ddc
_cBK
999 _c24290
_d24290